000 00679cam a22002411 4500
999 _c5631
_d5631
001 6492916
003 GBCCL
005 20241126110546.0
008 720622s1890 xx 000 0 eng
010 _a 50043415
035 _a(OCoLC)338119
040 _aDLC
_cOKentU
_dDLC
042 _apremarc
050 0 0 _aBS580.A3
_bM4
082 _a221.92
_bABR
100 1 _aMeyer, F. B.
_q(Frederick Brotherton),
_d1847-1929
_96880
245 0 0 _aAbraham;
_bor, The obedience of faith.
260 _aLondon,
_bOliphants
_c1968
300 _a159 p.
_c20 cm.
600 0 0 _aAbraham
_c(Biblical patriarch)
_96347
906 _a7
_bcbc
_coclcrpl
_du
_encip
_f19
_gy-gencatlg
942 _2ddc
_cBK
_05